02415nam a2200385Ia 450000500170000000800410001702000150005808200170007324501300009025000190022030000430023965000480028265000350033065000340036565000330039970000430043270000340047594200150050926400280052433600270055233700330057933800280061204000350064099900150067595201330069095201330082395201350095695201360109195201330122795201320136095201340149295201340162695201340176095201350189420220317000642.0160601s2002 sp a g 000 0 spa  a849700090004a371.334bE2810aEducar en red binternet como recurso para la educación cdirectores José Ignacio Aguaded Gómez y Julio Cabero Almenara a1a. edición  a373 páginas bilustraciones c24 cm 142LEMBaEnseñanza con ayuda de computadores142LEMBaEducación por internet142LEMBaInnovaciones educativas142LEMBaTecnología educativa aAguaded Gómez, José Ignacio951889 aCabero Almenara, Julio951890 2ddccBKLIT aMálaga bAljibec2002 atextobtxt2rdacontent asin mediaciónbn2rdamedia avolumenbnc2rdacarrier aCO-BoRNBPbspaerdacCO-BoRNBP c4672d4672 00102ddc40708GENaMEPRICObMEPRICOcGENd2022-12-06o371.334 E28 pPR000000127r2022-12-06 00:00:00tEj.1w2022-12-06yBKLIT 00102ddc40708GENaMEDORADObMEDORADOcGENd2022-12-26l0o37.334 E28pDOR00299r2022-12-26 00:00:00tEj.1w2022-12-26yBKLIT 00102ddc40708GENaMESMARTIbMESMARTIcGENd2023-07-11l0o371.734 E28pSM0001283r2023-07-11 00:00:00tEj.1w2023-07-11yBKLIT 00102ddc40708GENaMEMAPIRIbMEMAPIRIcGENd2023-11-08l0o371.334 E28pMAP0000473r2023-11-08 13:52:56tEj.1w2023-11-08yBKLIT 00102ddc40708GENaMECUMARAbMECUMARAcGENd2024-06-05l0o371.334E28pCUM00317r2024-06-05 20:48:25tEj.1w2024-06-05yBKLIT 00102ddc40708GENaMEURIBEbMEURIBEcGENd2024-07-22l0o371.334 E28pURI00502r2024-07-22 17:43:53tEj.1w2024-07-22yBKLIT 00102ddc40708GENaMEBAUPIAbMEBAUPIAcGENd2024-07-31l0o371.334 E28pBUP01445r2024-07-31 10:05:18tEj.1w2024-07-31yBKLIT 00102ddc40708GENaMEPLOPEZbMEPLOPEZcGENd2025-05-29l0o371.334 E28pPLZ02081r2025-05-29 15:18:23tEj.1w2025-05-29yBKLIT 00102ddc40708GENaMEACACIAbMEACACIAcGENd2025-07-11l0o371.334 E28pACA02729r2025-07-11 11:08:39tEj.1w2025-07-11yBKLIT 00102lcc40708GENaMEPCONCObMEPCONCOcGENd2026-02-09l0o371.334 E28pPCON00854r2026-02-09 19:37:33tEj.1w2026-02-09yBKLIT